000 00402nam a2200169Ia 4500
001 29200
003 IN-NITTTR
005 20251114233359.0
008 251113s9999||||xx |||||||||||||| ||eng||
040 _beng
040 _cIN-NITTTR
041 _aeng
082 _a006.32 A23I
100 _aAnderson, James A
245 3 _aAn introduction to neural networks /
_cAnderson, James A
942 _2ddc
_cBK
999 _c31828
_d31828